NEKFEU - ECRIRE - PAROLES (PARTIE 1) - Statistiques

Statistiques générales
  • Ce quiz a été pris 42 fois
  • Le résultat moyen est 195 sur 498
Statistiques - réponses
Réponse % Correct
ce
79%
écrire
79%
de
75%
je
75%
la
75%
75%
à
71%
a
71%
le
71%
me
71%
un
67%
que
63%
une
63%
c'est
58%
"c'est
58%
ma
58%
m'a
58%
Quand
58%
quand
58%
ça
54%
des
54%
les
54%
nous
54%
pour
54%
sa
54%
se
54%
son
54%
te
54%
au
50%
en
50%
est
50%
jeune
50%
mais
50%
mes
50%
on
50%
par
50%
pas
50%
tu
50%
aux
46%
dans
46%
du
46%
et
46%
fait
46%
gêne
46%
homme
46%
j'raconte
46%
lampe
46%
l'espoir
46%
moi
46%
non
46%
nos
46%
Nos
46%
parle
46%
qu'on
46%
sous
46%
toi
46%
tout
46%
élans
42%
jeunes
42%
laisse
42%
meurt
42%
mon
42%
ne
42%
42%
parlent
42%
plus
42%
qui
42%
sur
42%
voir
42%
alors
38%
argent
38%
capturer
38%
celui
38%
dit
38%
encore
38%
faite
38%
gènes
38%
halogène
38%
il
38%
j'ai
38%
j'aime
38%
j'aimerais
38%
leur
38%
meilleurs
38%
meurtrie
38%
noche
38%
pense
38%
perdre
38%
temps
38%
toute
38%
tri
38%
triste
38%
vie
38%
cache
33%
cette
33%
chaînes
33%
danse
33%
défiler
33%
deuxième
33%
devant
33%
d'une
33%
hommes
33%
humeur
33%
immenses
33%
impression
33%
jambe
33%
j'écris
33%
j'en
33%
j'me
33%
j'pleure
33%
j'te
33%
l'enceinte
33%
mère
33%
personnne
33%
peur
33%
premier
33%
prient
33%
sentant
33%
ses
33%
si
33%
soin
33%
tribu
33%
afin
29%
ai
29%
allongées
29%
coller
29%
coup
29%
désolés
29%
d'excuses
29%
d'où
29%
exclues
29%
faible
29%
fête
29%
indestructible
29%
jeunesse
29%
jusqu'à
29%
large
29%
l'argent
29%
l'silence
29%
même
29%
n'ont
29%
pochettes
29%
prends
29%
quelques
29%
sauvé
29%
sens
29%
s'étouffer
29%
seul
29%
sois
29%
sors
29%
sort
29%
souvenirs
29%
suis
29%
ton
29%
toutes
29%
veux
29%
victime
29%
zones
29%
amoindri
25%
cent
25%
cerveau
25%
ceux
25%
cris
25%
d'affiliation
25%
d'approcher
25%
d'celui
25%
dire
25%
doutes
25%
esprit
25%
faire
25%
gens
25%
imposer
25%
indescriptible
25%
j'fous
25%
j'pourrai
25%
j'vois
25%
j'y
25%
l'apogée
25%
leaders
25%
l'noir
25%
maintenant
25%
m'en
25%
mène
25%
merde
25%
meure
25%
parfois
25%
paysage
25%
pourtant
25%
pris
25%
prochaine
25%
putain
25%
qu'tu
25%
qu'un
25%
replie
25%
rire
25%
sachant
25%
sanctifie
25%
séance
25%
s'élance
25%
sont
25%
sortir
25%
strip-clubs
25%
tempes
25%
tristesse
25%
tympans
25%
uniques
25%
vies
25%
aide
21%
arrive
21%
aussi
21%
auxquels
21%
barbelés
21%
battre
21%
blesser
21%
chauffe
21%
chemin
21%
chez
21%
clan
21%
coeur
21%
corps
21%
cyborg
21%
défient
21%
défoncés
21%
demande
21%
détriment
21%
déviation
21%
dollars
21%
donner
21%
envie
21%
erreurs
21%
être
21%
faux-amis
21%
fermé
21%
finis
21%
forces
21%
goût
21%
grec
21%
immonde
21%
j'connais
21%
j'dis
21%
j'mens
21%
j'oublie
21%
j'réagis
21%
j'redistribue
21%
j'sais
21%
j'suis
21%
juste
21%
lâchement
21%
"lâche-moi"
21%
l'âme
21%
leurs
21%
l'heure
21%
l'homme
21%
livrent
21%
marre
21%
m'insupporte
21%
mystiques
21%
nez
21%
pardonné
21%
plein
21%
pleure
21%
portes
21%
pourboire
21%
qu'au
21%
rendre
21%
ressenti
21%
retourné
21%
rêves
21%
sang
21%
science
21%
scientifique
21%
séparent
21%
s'équilibrent
21%
street
21%
suspendu
21%
système
21%
tard"
21%
t'as
21%
t'réclame
21%
trop
21%
va
21%
vient
21%
voulais
21%
y'a
21%
beaucoup
17%
camp
17%
changent
17%
choisir
17%
comprends
17%
compromettantes
17%
d'espoir
17%
devient
17%
donc
17%
évitant
17%
faut
17%
fuis
17%
humaines
17%
idées
17%
insubordonné
17%
j'adopte
17%
j'm'intériorise
17%
l'insolance
17%
m'étendre
17%
moderne
17%
perdent
17%
rendent
17%
services
17%
simplifient
17%
soif
17%
valeurs
17%
vision
17%
déçoit
13%
imprégnants
13%
l'aide
8%
Aucun quiz correspondant
Distribution des résultats
% des personnes avec chaque résultat
Percentile par nombre de réponses
Votre historique - résultats
Vous n’avez pas pris ce quiz